1553 1743 1760 1998 1036 1817 1040 1813 1386 1799 1656 1143 1252 1503 1609 1175 1169 1205 1188 1837 1262 1807 1184 1821 1775 1897 1820 1585 1033 1201 1534 1804 1294 1633 1210 1707 1123 1777 1132 1880 1217 1338 1816 1110 1010 1491 1689 1248 1303 1466 1352 1987 1687 1784 1360 1726 1440 1615 1986 1104 1036 1541 1891 1709 1671 1707 1347 1498 1455 1853 1946 1393 1643 1641 1733 1625 1341 1495 1955 1424 1378 1648 1824 1760 1428 1094 1191 1760 1496 1463 1145 1999 1253 1717 1697 1834 1272 1800 1628 BCNSPRNW ULIB Ver.6.0+V

เปลี่ยนเป็นภาษาไทย

Change to English
 แสดงรายละเอียดบรรณานุกรม
  กลับหน้าหลัก

Brief Record : Get Marc (ISO 2709) : E-mail record : QR code < ปิดหน้าต่าง
LEADER : 00000nam 2200000uu 4500
001    13399112459
003     ULIB
008    110816s2545||||th 000 0 tha d
020    9745153184
040    bpt
050  4 HN700.55.C6^bส759ร 2545
100 0  สุชาดา ยงเกียรติตระกูล
245 10 รวมมิตรชุมชนประชาคมท้องถิ่น :^bยุทธศาสตร์เพื่อการพัฒนาในระดับฐานราก /^cผู้เขียน/เรียบเรียง สุชาดา ยงเกียรติตระกูล ; บรรณาธิการ ยุวดี คาดการณ์ไกล
250    พิมพ์ครั้งที่ 2
260    นนทบุรี :^bโครงการตำรา สำนักงานวิชาการ กรมอนามัย,^c2545
300    xiii, 191 หน้า :^bภาพประกอบ ;^c21 ซม.
650  4 การพัฒนาเศรษฐกิจ^xแง่สังคม
650  4 การพัฒนาชุมชน^zไทย
650  4 ไทย^xภาวะเศรษฐกิจ
700 0  ยุวดี คาดการณ์ไกล,^eบรรณาธิการ
710 2  กรมอนามัย. ^bสำนักงานวิชาการ. ^bโครงการตำรา
945    ^p0^l0^i015474
995    ทศพร
999 ^a ทศพร
รายการนี้ยังไม่มีแท็ก
คุณยังไม่ได้ล็อกอิน คุณสามารถมีกิจกรรมร่วมกับเว็บไซต์ได้ แต่ต้องล็อกอินก่อน ::
  ล็อกอิน

รายการสื่อสารสนเทศ

ลำดับที่ ประเภท เลขเรียก/บาร์โค้ด สถานที่ สถานะ
- ไม่พบข้อมูล -

BibComment


ยังไม่เคยถูกคอมเมนท์

คอมเมนท์ทรัพยากรรายการนี้
  คอมเมนท์: รวมมิตรชุมชนประชา..


 Copyright 2026. Bcnsprnw @Library